Az ördögbe, vége a mesének!

Bibliographic Details
Main Author: Lakatos, Krisztina, 1975- (Author)
Format: Article
Language:Hungarian
PhysicalDescription:Fotogr.
ISSN:1335-7050
Subjects:

MARC

LEADER 00000nab a2200000 a 4500
001 vtls011634484
003 SK-MaSNL
005 20260318124106.0
008 170605c20170602xo d| | 00 0|2hun
015 |a SNBRB2017/06 
038 |a DSZK 
040 |a DSZK  |b slo  |c DSZK  |e AACR2 
041 0 |a hun 
044 |a xo  |c SK 
080 |a 792.09:792.077-053.2  |x (=511.141)  |x (437.6)  |2 2011 
080 |a 792.077-053.2  |x (=511.141)  |x (437.6)  |2 2011 
080 |a 792.97-053.2  |x (=511.141)  |x (437.6)  |2 2011 
100 1 |a Lakatos, Krisztina,  |d 1975-  |4 aut  |9 602979 
245 1 3 |a Az ördögbe, vége a mesének!  |c Lakatos Krisztina 
300 |b Fotogr. 
611 2 7 |a Podunajská jar  |n (42. :  |d 2017 :  |c Dunajská Streda, Slovensko)  |2 dszk  |9 1088446 
648 7 |a 2017  |2 dszk  |9 347966 
650 0 7 |a detské divadelné súbory  |2 SNKPH  |9 55613 
650 0 7 |a bábkové divadlo  |2 SNKPH  |9 3309 
650 0 7 |a festivaly  |2 dszk  |9 3406 
651 7 |a Dunajská Streda (Slovensko)  |2 SNKPH  |9 17375 
773 0 |t Új szó  |g Évf. 70, sz. 126 (2017.6.2), o. 9  |x 1335-7050 
852 |a DSZK  |b KIS3GCP 
958 |a HU 
958 |a SK 
999 |c 2525608  |d 2527538